000
00323nam a22001457a 4500
020
_a
978-0-7166-2267-3
082
_a
001
_b
CAR/W
100
_a
CHILDCRAFT
245
_a
THE WORLD OF PLANTS
250
_a
REVISED PRINTING
260
_a
USA
_b
WORLD BOOK
_c
2013
300
_a
192
650
_a
ENCYCLOPEDIA
_z
INDIA
942
_c
BK
999
_c
1788
_d
1788